01521cam a2200313 a 45000010005000000030006000050050017000110080041000280100017000690200037000860200018001230400030001410430012001710500027001830820016002101000029002262450055002552600032003103000032003425200512003746500074008866500050009606500022010106510067010326550028010996550031011276550025011586550024011832827FISKH20240116140035.0000914s2001 nyub 000 1 eng  a 00048193  a0060199261 (hc : acidfree paper) a9780007685851 aDLCcDLCdDLCdFISKHbeng ae-ur---00aPS3569.I48763bB7 200100a813/.542211 aSimons, Paullina,d1963-14aThe bronze horseman :ba novel /cPaullina Simons. aNew York :bFlamingo,c2001 a637 pages :bmaps ;c25 cm. aThe Bronze Horseman is a historical fiction novel written by Paullina Simons and the first book in the Bronze Horseman Trilogy. The book begins on 22 June 1941, the day that Germany invaded the Soviet Union in the Second World War after Operation Barbarossa. Tatiana Metanova, nearly seventeen, meets the handsome and mysterious Red Army officer Alexander Belov.[1] The relationship between Tatiana and Alexander develops against the backdrop of the Siege of Leningrad and in the face of many difficulties.  0aWorld War, 1939-1945zRussia (Federation)zSaint PetersburgvFiction. 0aTriangles (Interpersonal relations)vFiction. 0aSistersvFiction. 0aSaint Petersburg (Russia)xHistoryySiege, 1941-1944vFiction. 7aDomestic fiction.2lcsh 7aHistorical fiction.2gsafd 7aLove stories.2gsafd 7aWar stories.2gsafd